Frankie Valli (Four Seasons) Biggest Hits - Statistics

General Stats
  • This quiz has been taken 113 times
  • The average score is 15 of 28
Answer Stats
Hint Answer % Correct
1962 #1 Sherry
95%
1975 #1 December 1963 (Oh What a Night)
89%
1994 #14 December 1963 (Oh what A Night) Remix Version
89%
1962 #1 Big Girls Don't Cry
85%
1963 #1 Walk Like A Man
85%
1964 #1 Rag Doll
73%
1967 #2 Can't Take My Eyes Off You
67%
1974 #1 My Eyes Adored You
67%
1966 #9 Working My Way Back To You
66%
1978 #1 Grease
65%
1975 #3 Who Loves You
63%
1965 #3 Let's Hang On
62%
1966 #13 Opus 17 (Don't You Worry 'Bout Me)
57%
1966 #16 Beggin'
52%
1963 #3 Candy Girl
51%
1967 #9 C'mon Marianne
51%
1964 #3 Dawn (Go Away)
51%
1965 #12 Bye Bye Baby (Baby Goodbye)
47%
1964 #16 Stay
46%
1964 #6 Ronnie
41%
1964 #20 Big Man In Town
34%
1975 #6 Swearin' To God
34%
1966 #9 I've Got You Under My Skin
32%
1964 #10 Save It For Me
28%
1965 #12 Don't Think Twice
27%
1966 #10 Tell It To The Rain
25%
1975 #11 Our Day Will Come
16%
1967 #18 I Make A Fool Of Myself
13%
No matching quizzes found
Score Distribution
Percent of People with Each Score
Percentile by Number Answered
Your Score History
You have not taken this quiz